LDR 00523naa#a2200169#i#450# 001 EN\\bibl\110348 005 20260413085258.1 011 ## _a2782-4799 100 ## _a20260410b2026####ek#y0engy0150####ca 102 ## _aRU 200 1# _aArtificial Intelligence for University Promotion in Social Media _eJournal article 210 1# _aKemerovo _cKemerovo State University _d2026 215 ## _a10 с. 608 ## _aJournal article _2local 700 #1 _aSokolova _gAnastasia Antonovna 700 #1 _aYanickiy _gLeonid Sergeevich 856 4# _amoloprom.kemsu.ru _u